<?xml version="1.0" encoding="UTF-8"?>
<record
    xmlns:xsi="http://www.w3.org/2001/XMLSchema-instance"
    xsi:schemaLocation="http://www.loc.gov/MARC21/slim http://www.loc.gov/standards/marcxml/schema/MARC21slim.xsd"
    xmlns="http://www.loc.gov/MARC21/slim">

  <leader>01450nam a22002657a 4500</leader>
  <datafield tag="999" ind1=" " ind2=" ">
    <subfield code="c">21894</subfield>
    <subfield code="d">21894</subfield>
  </datafield>
  <controlfield tag="003">AR-CdUCM</controlfield>
  <controlfield tag="008">190425b           ||||| |||| 00| 0 spa d</controlfield>
  <datafield tag="040" ind1=" " ind2=" ">
    <subfield code="a">MUNICIPALIDAD PROVINCIAL DEL CUSCO</subfield>
    <subfield code="c">BIBLIOTECA MUNICIPAL DEL CUSCO</subfield>
  </datafield>
  <datafield tag="082" ind1=" " ind2=" ">
    <subfield code="a">Rev.FD/N&#xB0;6/1971</subfield>
  </datafield>
  <datafield tag="110" ind1=" " ind2=" ">
    <subfield code="a">Universidad Nacional De San Antonio Abad del Cuzco</subfield>
    <subfield code="9">14483</subfield>
  </datafield>
  <datafield tag="245" ind1=" " ind2=" ">
    <subfield code="a">Revista de la Facultad de Derecho de la Universidad Nacional de San Antonio Abad del Cuzco /</subfield>
    <subfield code="c">Universidad Nacional de San Antonio Abad del Cuzco</subfield>
  </datafield>
  <datafield tag="260" ind1=" " ind2=" ">
    <subfield code="a">Cusco :</subfield>
    <subfield code="b">H.G. Rozas,</subfield>
    <subfield code="c">1971.</subfield>
  </datafield>
  <datafield tag="300" ind1=" " ind2=" ">
    <subfield code="a">114 p&#xE1;ginas. :</subfield>
    <subfield code="c">24 cm.</subfield>
  </datafield>
  <datafield tag="440" ind1=" " ind2=" ">
    <subfield code="a">Revista de la Facultad de Derecho de la Universidad Nacional de San Antonio Abad del Cuzco.</subfield>
    <subfield code="n">N&#xB0;6, 1971.</subfield>
    <subfield code="9">46714</subfield>
  </datafield>
  <datafield tag="505" ind1=" " ind2=" ">
    <subfield code="a">Contenido: Los principios y bases de un nuevo c&#xF3;digo de procedimientos civiles. Cesar Mu&#xF1;iz Rodr&#xED;guez.-- En defensa del Patrimonio cultural del Cuzco. Ernesto Valdivia Pezo. -- El derecho publico y el derecho privado. Pedro Valc&#xE1;rcel Gamarra. -- Inoperancia del Derecho peruano frente a la sociedad y cultura ind&#xED;genas. Bertha Degregori de Nieto.</subfield>
  </datafield>
  <datafield tag="650" ind1=" " ind2=" ">
    <subfield code="a">Derecho del Per&#xFA;</subfield>
    <subfield code="9">46685</subfield>
  </datafield>
  <datafield tag="650" ind1=" " ind2=" ">
    <subfield code="a">Facultad de Derecho del Cuzco</subfield>
    <subfield code="9">46697</subfield>
  </datafield>
  <datafield tag="650" ind1=" " ind2=" ">
    <subfield code="a">Proyecto de reformas metodol&#xF3;gicas</subfield>
    <subfield code="9">46707</subfield>
  </datafield>
  <datafield tag="700" ind1=" " ind2=" ">
    <subfield code="a">Mu&#xF1;iz Rodr&#xED;guez, Cesar</subfield>
    <subfield code="9">46715</subfield>
  </datafield>
  <datafield tag="700" ind1=" " ind2=" ">
    <subfield code="a">Valdivia Pezo, Ernesto</subfield>
    <subfield code="9">14881</subfield>
  </datafield>
  <datafield tag="700" ind1=" " ind2=" ">
    <subfield code="a">Valc&#xE1;rcel Gamarra, Pedro</subfield>
    <subfield code="9">46716</subfield>
  </datafield>
  <datafield tag="700" ind1=" " ind2=" ">
    <subfield code="a">Degregori de Nieto, Bertha</subfield>
    <subfield code="9">29675</subfield>
  </datafield>
  <datafield tag="942" ind1=" " ind2=" ">
    <subfield code="2">ddc</subfield>
    <subfield code="c">PP</subfield>
  </datafield>
  <datafield tag="945" ind1=" " ind2=" ">
    <subfield code="a">rac</subfield>
  </datafield>
  <datafield tag="952" ind1=" " ind2=" ">
    <subfield code="0">0</subfield>
    <subfield code="2">ddc</subfield>
    <subfield code="4">0</subfield>
    <subfield code="7">0</subfield>
    <subfield code="a">HEM</subfield>
    <subfield code="b">HEM</subfield>
    <subfield code="c">CART</subfield>
    <subfield code="d">2021-09-21</subfield>
    <subfield code="g">10.00</subfield>
    <subfield code="o">Rev.FD/N&#xB0;6/1971</subfield>
    <subfield code="p">REVC000413</subfield>
    <subfield code="r">2021-09-21</subfield>
    <subfield code="y">PP</subfield>
  </datafield>
  <datafield tag="952" ind1=" " ind2=" ">
    <subfield code="0">0</subfield>
    <subfield code="2">ddc</subfield>
    <subfield code="4">0</subfield>
    <subfield code="7">0</subfield>
    <subfield code="a">HEM</subfield>
    <subfield code="b">HEM</subfield>
    <subfield code="c">CART</subfield>
    <subfield code="d">2021-09-21</subfield>
    <subfield code="g">10.00</subfield>
    <subfield code="o">Rev.FD/N&#xB0;6/1971/e.2</subfield>
    <subfield code="p">REVC000417</subfield>
    <subfield code="r">2021-10-04</subfield>
    <subfield code="y">PP</subfield>
  </datafield>
</record>
